Alfred Nobel - výbušný podnikateľ Ľudia, ktorí zmenili myšlienky na peniaze
Stručný životopis Alfreda Nobela. Alfred Nobel ako úspešný biznismen a vynálezca.
Salvato in:
| Autore principale: | |
|---|---|
| Natura: | Capitolo di libro |
| Lingua: | slovacco |
| Soggetti: | |
| Tags: |
Nessun Tag, puoi essere il primo ad aggiungerne!!
|
MARC
| LEADER | 00000naa$a2200000$$$4500 | ||
|---|---|---|---|
| 001 | 0045077 | ||
| 005 | 20231019083938.5 | ||
| 041 | 0 | |a slo | |
| 044 | |a SK | ||
| 245 | 1 | 0 | |a Alfred Nobel - výbušný podnikateľ |b Ľudia, ktorí zmenili myšlienky na peniaze |c Jozef Ryník |
| 520 | |a Stručný životopis Alfreda Nobela. Alfred Nobel ako úspešný biznismen a vynálezca. | ||
| 610 | 2 | 0 | |a podnikanie |
| 610 | 2 | 0 | |a manažéri |
| 610 | 2 | 0 | |a Nobel, A. |
| 610 | 2 | 0 | |a životopisy |
| 100 | 1 | |a Ryník, Jozef | |